000 00657nam a2200217Ia 4500
003 OSt
005 20230405144240.0
008 210423s2019 xx 000 0 und d
020 _a978-81-7482-215-4
040 _cAL
041 _aeng
082 _a370.02
_223
_bPRAU
100 _aPRATIYOGITA (Darpan)
_983518
245 _aUpkars UGC NET JRF SET teaching and research aptitude: general paper I 2019
260 _aAgra
_bUpkar prakashan
_c2019
300 _axv,344
_bPB
365 _b310
_cINR
650 _aEducation
_983519
906 _a2019 ; aptitude: ; general ; JRF ; NET ; paper ; research ; SET ; teaching ; UGC ; Upkars
942 _2ddc
_cBK
999 _c169161
_d169161